000 00323 a2200157 4500
001 187873
020 _a
040 _cMagnum
100 _aVeiga, José J.
240 1 0 _aA hora dos ruminantes
_lpor
245 1 0 _aA hora dos ruminantes
300 _a102
362 0 _a1983
697 _aLITERATURA GERAL
942 _cBK
999 _c187873
_d187873